[Event "AUTO-OPEN-2260"]
[Site "http://www.queenalice.com/game.php?id=898373"]
[Date "2011.2.10"]
[Round "1"]
[White "Brooke"]
[Black "Goosick"]
[Result "1-0"]
[WhiteElo "1500"]
[BlackElo "1498"]

1. d4 c6 2. c4 d5 3. Nf3 Nf6 4. Nc3 dxc4 5. a4 Bg4 6. Ne5 Bh5 7. f3 Na6 8. e4 e6
9. Bxc4 Nb4 10. g4 Bg6 11. h4 h5 12. Nxg6 fxg6 13. g5 1-0

[Event "AUTO-OPEN-2262"]
[Site "http://www.queenalice.com/game.php?id=899234"]
[Date "2011.2.12"]
[Round "1"]
[White "zegan13"]
[Black "Goosick"]
[Result "1-0"]
[WhiteElo "2042"]
[BlackElo "1502"]

1. e4 c6 2. d4 d5 3. Nc3 dxe4 4. Nxe4 Bf5 5. Ng3 Bg6 6. Nf3 Nd7 7. h4 h6 8. h5
Bh7 9. Bd3 Bxd3 10. Qxd3 e6 11. Bf4 Qa5+ 12. Bd2 Bb4 13. c3 Be7 14. c4 Qc7 15.
O-O-O Ngf6 16. Rhe1 b5 17. c5 O-O 18. Kb1 Rad8 19. Qa3 Rb8 20. Nf5 1-0

[Event "AUTO-OPEN-2262"]
[Site "http://www.queenalice.com/game.php?id=899235"]
[Date "2011.2.12"]
[Round "1"]
[White "Goosick"]
[Black "zegan13"]
[Result "0-1"]
[WhiteElo "1500"]
[BlackElo "2044"]

1. d4 d5 2. c4 e6 3. Nc3 c6 4. e3 Nf6 5. Nf3 Bd6 6. Qc2 Nbd7 7. g4 Nxg4 8. Rg1
h5 9. h3 Ngf6 10. Rxg7 Bf8 11. Rg1 dxc4 12. Bxc4 b5 13. Bb3 Bb7 14. Bd2 c5 15.
Bxe6 Bxf3 16. Bxf7+ Kxf7 17. Qg6+ Ke6 0-1

[Event "AUTO-OPEN-2262"]
[Site "http://www.queenalice.com/game.php?id=899258"]
[Date "2011.2.12"]
[Round "1"]
[White "SGF"]
[Black "Goosick"]
[Result "1-0"]
[WhiteElo "1739"]
[BlackElo "1583"]

1. e4 c6 2. Qf3 d5 3. d3 e5 4. Be2 Nf6 5. exd5 cxd5 6. Qg3 Nc6 7. c3 Bc5 8. Qxg7
Rg8 9. Qh6 Rxg2 10. Bg5 Be7 11. Bxf6 Bxf6 12. Qxh7 Qb6 13. Nd2 Qxf2+ 14. Kd1
Rxg1+ 15. Rxg1 Qxg1+ 16. Nf1 Be6 17. Kc2 Qg6 18. Qxg6 1-0

[Event "AUTO-OPEN-2262"]
[Site "http://www.queenalice.com/game.php?id=899259"]
[Date "2011.2.12"]
[Round "1"]
[White "Goosick"]
[Black "SGF"]
[Result "0-1"]
[WhiteElo "1573"]
[BlackElo "1749"]

1. Nf3 f6 2. c4 e5 3. Nc3 c6 4. d4 Qb6 5. dxe5 Bc5 6. e3 Bb4 7. Bd3 Na6 8. O-O
Nc5 9. e4 Bxc3 10. bxc3 a5 11. exf6 Nxf6 12. e5 Ng4 13. h3 Nh6 14. Bxh6 gxh6 15.
Rb1 Qa6 16. Nd4 Nxd3 17. Qxd3 a4 18. Nf5 Kf7 0-1

[Event "AUTO-OPEN-2262"]
[Site "http://www.queenalice.com/game.php?id=899274"]
[Date "2011.2.12"]
[Round "1"]
[White "Goosick"]
[Black "gilsinho22"]
[Result "0-1"]
[WhiteElo "1498"]
[BlackElo "1555"]

1. c4 c5 2. g3 d5 3. cxd5 Qxd5 4. Nf3 e5 5. Nc3 Qc6 6. e4 Bg4 7. Bb5 Bxf3 8.
Bxc6+ Nxc6 9. Qxf3 Nd4 10. Qd1 b5 11. O-O b4 12. Qa4+ Ke7 0-1

[Event "AUTO-OPEN-2262"]
[Site "http://www.queenalice.com/game.php?id=899275"]
[Date "2011.2.12"]
[Round "1"]
[White "gilsinho22"]
[Black "Goosick"]
[Result "1-0"]
[WhiteElo "1569"]
[BlackElo "1484"]

1. Nf3 d5 2. d4 Nf6 3. Bg5 Ne4 4. Qd3 Nxg5 5. Nxg5 e5 6. h4 e4 7. Qg3 h6 8. Nh3
Nc6 9. c3 Qf6 10. Nf4 Bd6 11. Nxd5 Bxg3 12. Nxf6+ 1-0

[Event "Goosick x Setti Game 1"]
[Site "http://www.queenalice.com/game.php?id=899478"]
[Date "2011.2.12"]
[Round "-"]
[White "Goosick"]
[Black "luizantoniosetti"]
[Result "1-0"]
[WhiteElo "1567"]
[BlackElo "2036"]

1. c4 e5 2. g3 Nf6 3. Bg2 Nc6 4. Nc3 Bc5 5. e3 O-O 6. Nge2 d6 7. O-O Be6 8. d4
exd4 9. exd4 Nxd4 10. Nxd4 Bxc4 11. Re1 c6 12. Be3 Re8 13. Nf5 1-0

[Event "AUTO-OPEN-2263"]
[Site "http://www.queenalice.com/game.php?id=899697"]
[Date "2011.2.13"]
[Round "1"]
[White "guischerer"]
[Black "Goosick"]
[Result "1-0"]
[WhiteElo "1326"]
[BlackElo "1637"]

1. Nc3 d5 2. d4 c6 3. e4 dxe4 4. Nxe4 Bf5 5. Qd3 e6 6. c4 Qh4 7. Nf3 Qxe4+ 8.
Qxe4 Bxe4 9. Nd2 Bg6 10. c5 Nf6 11. Bd3 Bxd3 12. b4 Nbd7 13. a4 e5 14. dxe5 Nxe5
15. Ra3 O-O-O 16. a5 Ne4 17. f3 Nxd2 18. Rc3 Ndc4 19. f4 Ng4 20. h3 Nge3 21. Rg1
Be7 22. g3 Bf6 23. Rb3 1-0

[Event "AUTO-OPEN-2263"]
[Site "http://www.queenalice.com/game.php?id=899698"]
[Date "2011.2.13"]
[Round "1"]
[White "Goosick"]
[Black "guischerer"]
[Result "0-1"]
[WhiteElo "1609"]
[BlackElo "1354"]

1. c4 Na6 2. d4 Nb4 3. e4 a5 4. f4 a4 5. Nf3 Nf6 6. Nc3 c6 7. e5 Nh5 8. g4 Nxf4
9. Bxf4 e6 10. a3 Na6 11. Bd3 d5 12. exd6 Bxd6 13. Bxd6 Qxd6 14. O-O c5 15. d5
e5 16. Nxe5 Qxe5 17. Re1 Bxg4 18. Rxe5+ Kf8 19. Qxg4 Re8 20. Rxe8+ Kxe8 21. Re1+
Kf8 0-1

[Event "AUTO-OPEN-2263"]
[Site "http://www.queenalice.com/game.php?id=899721"]
[Date "2011.2.13"]
[Round "1"]
[White "Damo"]
[Black "Goosick"]
[Result "1-0"]
[WhiteElo "1203"]
[BlackElo "1560"]

1. g3 d5 2. c3 g6 3. Qa4+ Nc6 4. Bh3 Bxh3 5. Nxh3 Bg7 6. f4 Nh6 7. Rf1 O-O 8. d4
Nf5 9. e3 h5 10. Ng5 Nd6 11. Qd1 Qd7 12. f5 Nxf5 13. Qf3 f6 14. g4 hxg4 15. Qxg4
fxg5 16. Qxg5 1-0

[Event "AUTO-OPEN-2263"]
[Site "http://www.queenalice.com/game.php?id=899722"]
[Date "2011.2.13"]
[Round "1"]
[White "Goosick"]
[Black "Damo"]
[Result "0-1"]
[WhiteElo "1530"]
[BlackElo "1233"]

1. e4 e5 2. Nf3 Nf6 3. Nxe5 Bd6 4. Nc4 O-O 5. Nxd6 cxd6 6. Nc3 Re8 7. Be2 d5 8.
exd5 d6 9. O-O g6 10. d4 Bg4 11. Bxg4 h5 12. Bh3 Nbd7 13. Bxd7 Qxd7 14. Re1 Qf5
15. Be3 Ng4 16. h3 Nf6 0-1

[Event "AUTO-OPEN-2263"]
[Site "http://www.queenalice.com/game.php?id=899737"]
[Date "2011.2.13"]
[Round "1"]
[White "Goosick"]
[Black "pomar"]
[Result "0-1"]
[WhiteElo "1641"]
[BlackElo "1996"]

1. Nf3 e6 2. c4 c5 3. g3 Nc6 4. Bg2 d5 5. cxd5 exd5 6. d4 Qa5+ 7. Nc3 Nf6 8. O-O
Be6 9. Bg5 Be7 10. Rc1 O-O 11. dxc5 Qxc5 12. Be3 Qa5 13. Nd4 Nxd4 14. Qxd4 Bb4
15. a3 Bxc3 16. Qxc3 Qb5 17. Bf3 Rac8 18. Qd4 a6 19. Rxc8 Rxc8 20. Rc1 Rxc1+ 0-1

[Event "AUTO-OPEN-2263"]
[Site "http://www.queenalice.com/game.php?id=899738"]
[Date "2011.2.13"]
[Round "1"]
[White "pomar"]
[Black "Goosick"]
[Result "1-0"]
[WhiteElo "2003"]
[BlackElo "1639"]

1. f4 d5 2. Nf3 g6 3. d3 Bg7 4. e4 dxe4 5. dxe4 Qxd1+ 6. Kxd1 Nc6 7. c3 e5 8.
Bb5 Bg4 9. Bxc6+ bxc6 10. Ke2 exf4 11. Bxf4 O-O-O 12. h3 Be6 13. Nbd2 h6 14. Nb3
Bc4+ 15. Kf2 Bxb3 16. axb3 Kb7 17. Ne5 Bxe5 18. Bxe5 f6 19. Bd4 a6 20. Ra5 1-0

[Event "AUTO-OPEN-2264"]
[Site "http://www.queenalice.com/game.php?id=900151"]
[Date "2011.2.14"]
[Round "1"]
[White "chess1200"]
[Black "Goosick"]
[Result "1-0"]
[WhiteElo "2051"]
[BlackElo "1469"]

1. e4 c6 2. d4 d5 3. e5 c5 4. dxc5 e6 5. b4 a5 6. c3 axb4 7. cxb4 b6 8. Be3 bxc5
9. bxc5 Bxc5 10. Bb5+ Bd7 11. Bxd7+ Nxd7 12. Nf3 Bxe3 13. fxe3 Ne7 14. O-O O-O
15. Nc3 Ng6 16. Nd4 Ndxe5 17. a4 Nc4 18. Qe2 Qg5 19. Rf3 1-0

[Event "AUTO-OPEN-2264"]
[Site "http://www.queenalice.com/game.php?id=900152"]
[Date "2011.2.14"]
[Round "1"]
[White "Goosick"]
[Black "chess1200"]
[Result "0-1"]
[WhiteElo "1471"]
[BlackElo "2049"]

1. c4 Nf6 2. g3 g6 3. Bg2 Bg7 4. Nc3 O-O 5. Nf3 c6 6. e4 d6 7. d4 Bg4 8. O-O
Nbd7 9. h3 Bxf3 10. Bxf3 Qc7 11. Bg2 e5 12. d5 a6 13. Be3 c5 14. a3 Nb6 15. Qe2
Qd7 16. b3 h6 17. Rab1 Qc7 18. b4 cxb4 0-1